000
00312nam a22001217a 4500
008
260429b |||||||| |||| 00| 0 eng d
020
_a
9789373594163
100
_a
Agarwal, R S
245
_a
Quantitative Aptitude (Kannada)
260
_a
New Delhi
_b
S Chand and Company Ltd
_c
2026
300
_a
758p
942
_2
ddc
999
_c
1342
_d
1342